01749nam a2200385 c 450000100060000000300100000600500170001600700030003300800410003602000180007704000350009504100080013004300120013808400060015010000470015624501120020325000630031526400490037830000640042733600270049133700330051833800280055149000180057950001310059750001390072850001540086752100540102154500860107565000410116165000410120265000400124365000360128365500120131970000320133157907CO-BoRNBP20250812151251.0ta210802r20122018ck a cr 000 fdspa d a9789580513834 aCO-BoRNBPbspaerdacCO-BoRNBP0 aspa as-ck--- aN1 aLeal Quevedo, Francisco Javier,d1945eaut14aLos hijos del viento :buna aventura Nukak /cFrancisco Leal Quevedo ; ilustraciones Alexander Marroquín. aPrimera ediciónbNovena impresión, Onceava impresión 1aBogotá, Colombia :bEducar Editores,c2023 a128 páginas :bilustraciones en blanco y negro +eFolleto atextobtxt2rdacontent asin mediaciónbn2rdamedia avolumenbnc2rdacarrier0 aAlas de papel aEl folleto acompañante, es una guía de comprensión de lectura con el título ¡Vivamos la lectura! Los hijos del viento aEl material correspondiente a la dotación PNLB 2022, corresponde a la onceava impresión de 2022 e incluye un folleto acompañante aEl material correspondiente a la dotación PNLB 2023, corresponde a la primera edición 2012 impresión de 2023 e incluye un folleto acompañante aRecomendado para un público mayor de 12 años aIncluye datos biográficos del autor al final del texto y en la contracarátula07aHistorias de aventurasvnovela2LEMB07aIndigenas del amazonasvnovela2LEMB04aLiteratura juvenil Colombiana2LEMB04aNovela juvenil colombiana2LEMB aNovelas aMarroquín, Alexandereill